| 000 | 00707nam a22001817a 4500 | ||
|---|---|---|---|
| 999 |
_c62739 _d62739 |
||
| 005 | 20250204121339.0 | ||
| 008 | 250204s2014 enk||||| |||| 00| 0 eng d | ||
| 020 | _a 9780891333883x | ||
| 041 | _aeng | ||
| 080 | _a33 R-98 | ||
| 100 |
_aRypkema, Donovan D. _924242 |
||
| 245 |
_aThe Economics of Historic Preservation: _bA Community Leader's Guide / _cDonovan D. Rypkema. |
||
| 264 |
_aLexington : _bPlaceEconomics, _c2014. |
||
| 300 |
_a120 p. : _bill.; _c29 cm. |
||
| 653 | _aისტორიული გადარჩენის ეკონომიკა | ||
| 653 | _aსაზოგადოების ლიდერის გზამკვლევი | ||
| 942 |
_2udc _cᲬᲘᲒᲜᲘ |
||